ARRUPE JESUIT UNIVERSITY

CORONAVIRUS -STOP THE SPREAD - CLEAN,DISINFECT,COVER

Memoirs of a fox-hunting man / (Record no. 120700)

MARC details
000 -LEADER
fixed length control field 00940cam a2200289 i 4500
001 - CONTROL NUMBER
control field 144738
003 - CONTROL NUMBER IDENTIFIER
control field ARRUPE
005 - DATE AND TIME OF LATEST TRANSACTION
control field 20140611121615.0
008 - FIXED-LENGTH DATA ELEMENTS--GENERAL INFORMATION
fixed length control field 830310s1960 enka 000 0aeng d
020 ## - INTERNATIONAL STANDARD BOOK NUMBER
International Standard Book Number 057106454X
035 ## - SYSTEM CONTROL NUMBER
System control number (OCoLC)7629827
035 ## - SYSTEM CONTROL NUMBER
System control number (OCoLC)ocm07629827
035 ## - SYSTEM CONTROL NUMBER
System control number (CStRLIN)NYCG83-B18468
035 ## - SYSTEM CONTROL NUMBER
System control number (NNC)144738
040 ## - CATALOGING SOURCE
Original cataloging agency NNC
Transcribing agency NNC
Modifying agency NNC
090 ## - LOCALLY ASSIGNED LC-TYPE CALL NUMBER (OCLC); LOCAL CALL NUMBER (OCLC)
Classification number (OCLC) (R) ; Classification number, CALL (RLIN) (NR) PR6037.A86
Local cutter number (OCLC) ; Book number/undivided call number, CALL (RLIN) Z85
300 ## - PHYSICAL DESCRIPTION
Other physical details ill. ;
Dimensions 19 cm.
100 1# - MAIN ENTRY--PERSONAL NAME
Personal name Sassoon, Siegfried,
Dates associated with a name 1886-1967.
9 (RLIN) 10815
245 10 - TITLE STATEMENT
Title Memoirs of a fox-hunting man /
Statement of responsibility, etc by Siegfried Sassoon ; with decorations by William Nicholson.
260 ## - PUBLICATION, DISTRIBUTION, ETC. (IMPRINT)
Place of publication, distribution, etc London ;
-- Boston :
Name of publisher, distributor, etc Faber and Faber,
Date of publication, distribution, etc 1960
Date of manufacture (1980 printing)
300 ## - PHYSICAL DESCRIPTION
Extent 313 p. :
490 1# - SERIES STATEMENT
Series statement Faber paperbacks
600 10 - SUBJECT ADDED ENTRY--PERSONAL NAME
Personal name Sassoon, Siegfried,
Dates associated with a name 1886-1967
Form subdivision Biography.
9 (RLIN) 10816
650 #0 - SUBJECT ADDED ENTRY--TOPICAL TERM
Topical term or geographic name as entry element Authors, English
Chronological subdivision 20th century
Form subdivision Biography.
9 (RLIN) 10817
830 #0 - SERIES ADDED ENTRY--UNIFORM TITLE
Uniform title Faber paperbacks.
9 (RLIN) 10818
942 ## - ADDED ENTRY ELEMENTS (KOHA)
Source of classification or shelving scheme Library of Congress Classification
Koha item type Monograph ( Printed materials)
Holdings
Withdrawn status Lost status Source of classification or shelving scheme Damaged status Not for loan Collection code Home library Current library Shelving location Date acquired Total Checkouts Full call number Barcode Date last seen Price effective from Koha item type
    Library of Congress Classification     Main Collection ARRUPE LIBRARY ARRUPE LIBRARY Main Collection 11/06/2014   PR6037.A86 M35 46500000564 11/06/2014 11/06/2014 Monograph ( Printed materials)

 

Arrupe Library. PO Box MP320 Mt Pleasant, Harare, Zimbabwe
263 242 745411|librarian@aju.ac.zw